• 首页
  • 本馆介绍
  • 公告通知
  • 最新文献
  • 馆藏检索
  • 电子资源
  • 读者导购
  • 参考咨询
  • 我的图书馆
  • 登录
  • 详细信息显示
  • 放入我的书架
  • 预约/预借图书
  • 作者相关作品
  • 分类相关作品
  • 丛书相关作品
  • 出版社相关作品

书目信息

  • 表格格式
  • 工作单格式
  • 卡片格式
题名:
养老机构营养膳食设计与管理规范
    
 
作者: 沈红艺 , 凤磊 主编
分册:  
出版信息: 上海   上海科技教育出版社  2018.06
页数: 172页
开本: 29cm
丛书名:
单 册:
中图分类: R153.3
科图分类:
主题词: 老年人--膳食营养 , 养老院--膳食--管理规范
电子资源:
ISBN: 978-7-5428-6605-9
000 00941nam0 2200241 450
001 4429
005 20181012090342.68
010    @a978-7-5428-6605-9@dCNY68.00
100    @a20170816d2018 em y0chiy0110 ea
101 0  @achi
102    @aCN@b310000
105    @ay z 000yy
200 1  @a养老机构营养膳食设计与管理规范@9yang lao ji gou ying yang shan shi she ji yu guan li gui fan@f沈红艺,凤磊主编
210    @a上海@c上海科技教育出版社@d2018.06
215    @a172页@d29cm
330    @a《养老机构营养膳食设计与管理规范》为入住老人提供合理营养和均衡膳食,是完善和提高养老机构服务水平与管理能力、体现人文关怀的一个重要评价指标。本书是养老机构编制标准化营养膳食、常见病治疗膳食和营养膳食管理规范化的指导参考书。
606 0  @a老年人@x膳食营养
606 0  @a养老院@x膳食@x管理规范
690    @aR153.3@v5
701  0 @a沈红艺@9shen hong yi@4主编
701  0 @a凤磊@9feng lei@4主编
801  0 @aCN@b91CIP@c20170816
905    @aMuseLib@dR153.3@e132
    
    养老机构营养膳食设计与管理规范/沈红艺,凤磊主编.-上海:上海科技教育出版社,2018.06
    172页;29cm
    
    
    ISBN 978-7-5428-6605-9:CNY68.00
    《养老机构营养膳食设计与管理规范》为入住老人提供合理营养和均衡膳食,是完善和提高养老机构服务水平与管理能力、体现人文关怀的一个重要评价指标。本书是养老机构编制标准化营养膳食、常见病治疗膳食和营养膳食管理规范化的指导参考书。
●
相关链接 在E读中查询图书 在五车中查询图书 在当当中查询图书 在豆瓣中查询图书


正题名:养老机构营养膳食设计与管理规范     索取号:R153.3/132         预约/预借

序号 登录号 条形码 馆藏地/架位号 状态 备注
1 1125061   211250616   第二样本阅览室/ [索取号:R153.3/132] 在馆    
2 1125062   211250625   第三借阅区/ [索取号:R153.3/132] 在馆    
3 1125063   211250634   第三借阅区/ [索取号:R153.3/132] 在馆    
4 1125064   211250643   第三借阅区/ [索取号:R153.3/132] 在馆    
5 1125065   211250652   密集书库-生命科学系/ [索取号:R153.3/132] 在馆    
唐山师范学院图书馆 欢迎您!
大连网信软件有限公司© 版权所有